Movies - Conan Gray (All Lyrics) - Statistics

General Stats
  • This quiz has been taken 574 times
    480 since last reset
  • The average score is 286 of 337
Answer Stats
Movies % Correct
I
100%
a
99%
like
99%
Like
99%
love
99%
Intro | Post-Chorus Movies
99%
movies
99%
the
99%
want
99%
you
95%
You
95%
your
93%
We
92%
we
92%
am
91%
AM
91%
AM?
91%
at
91%
me
91%
and
90%
And
90%
in
90%
Chorus In
90%
look
90%
that
90%
We're
90%
we're
90%
for
89%
so
89%
head
88%
my
88%
of
88%
you're
88%
All
87%
all
87%
are
87%
Pre-Chorus But
87%
but
87%
friends
87%
perfect
85%
ring
85%
That's
85%
that's
85%
then
85%
us
85%
diamond
83%
it's
83%
know
83%
Still
83%
still
83%
this
83%
to
83%
dark
82%
not
82%
what
82%
'Cause
81%
dancing
81%
our
81%
baby
79%
Bridge Baby
79%
damn
79%
doing
79%
jealously
78%
just
78%
kiss
78%
think
78%
can't
77%
stars
77%
If
76%
on
76%
sweet
76%
through
76%
under
76%
ain't
75%
with
75%
was
74%
3
72%
ex?
72%
4
71%
dream
71%
fantasy
71%
isn't
71%
why
71%
Life
70%
believe
69%
call
69%
drive
69%
Falling
69%
fiction
69%
don't
68%
gave
68%
here
68%
key
68%
livin'
68%
texts
68%
They
68%
they
68%
way
68%
go
67%
I've
67%
show
67%
been
66%
funny
66%
how
66%
looking
66%
never
66%
screaming
66%
she
66%
staying
66%
Built
65%
say
65%
does
64%
over
64%
hands
63%
Monday
63%
off
63%
Friday
62%
holding
62%
people
62%
spoke
62%
barely
61%
parties
61%
world
61%
apart
60%
both
60%
break
57%
heart
57%
had
53%
lost
50%
grow
48%
back
44%
pretend
41%
come
40%
ever
40%
right
37%
seeing
34%
it'll
31%
No matching quizzes found
Score Distribution
Percent of People with Each Score
Percentile by Number Answered
Your Score History
You have not taken this quiz since the last reset